Controle microbiológico de drogas vegetais comercializadas na região central do Rio Grande do Sul (Registro n. 298874)
[ somente texto ]
| 000 -LÍDER | |
|---|---|
| fixed length control field | 03281nab a2200277 i 4500 |
| 003 - CÓDIGO MARC DA AGÊNCIA CATALOGADORA | |
| Campo de controle | BR-BrBNA |
| 005 - DATA E HORA DA ÚLTIMA ATUALIZAÇÃO | |
| Campo de controle | 20240320151326.0 |
| 008 - CAMPO DE TAMANHO FIXO | |
| fixed length control field | 240320b2012 bl.qr|pooa||| 00| 0 por | |
| 040 ## - FONTE DA CATALOGAÇÃO | |
| Agência catalogadora | BR-BrBNA |
| Idioma da catalogação | por |
| 072 ## - CATEGORIA AGRIS | |
| Código AGRIS | Q02 |
| 100 ## - ENTRADA PRINCIPAL - NOME PESSOAL | |
| Nome pessoal | Gindri, A.L. |
| 100 ## - ENTRADA PRINCIPAL - NOME PESSOAL | |
| Nome pessoal | Laporta, L.V. |
| 100 ## - ENTRADA PRINCIPAL - NOME PESSOAL | |
| Nome pessoal | Santos, M.R. |
| 245 ## - TÍTULO PRINCIPAL | |
| Título principal | Controle microbiológico de drogas vegetais comercializadas na região central do Rio Grande do Sul |
| 500 ## - NOTA GERAL | |
| Nota geral | Publicação on-line; 13 ref.; 8 tables; Summaries (En, Pt) |
| 942 ## - ADDED ENTRY ELEMENTS (KOHA) | |
| Koha item type | |
| 520 ## - NOTA DE RESUMO | |
| Nota de conteúdo | <br/><br/>RESUMO: <br/><br/>O objetivo deste trabalho foi analisar a qualidade microbiológica de 40 amostras de<br/>matérias-primas de fitoterápicos coletadas de farmácias de manipulação da região central Rio<br/>Grande do Sul. Foram realizados os testes de contagem de microrganismos viáveis e pesquisa<br/>e identificação de patógenos, ambos de acordo com a Farmacopéia Brasileira. Os resultados<br/>obtidos mostraram que há presença de microrganismos nas amostras, entretanto, em nenhuma<br/>delas, o valor de UFC g-1 ultrapassou o limite estabelecido para fitoterápicos na Farmacopéia<br/>Britânica, tanto para bactérias como para fungos. No teste de pesquisa e identificação de patógenos<br/>comprovou-se que não havia a presença de Pseudomonas aeruginosa, Salmonella sp,<br/>Staphylococcus aureus e Escherichia coli, nas amostras analisadas. As amostras estão aptas a<br/>serem comercializadas, pois todas estavam dentro dos limites especificados, e foram aprovadas<br/>pelo teste de controle de qualidade microbiológico.<br/><br/>Palavras-chave: controle de qualidade microbiológico, farmácia de manipulação, plantas<br/>medicinais |
| 520 ## - NOTA DE RESUMO | |
| Nota de conteúdo | <br/><br/>ABSTRACT: <br/><br/>Microbiological control of medicinal drugs commercialized in the central<br/>region of Rio Grande do Sul, Brazil. The aim of this study was to analyze the microbiological<br/>quality of 40 samples of raw material for herbal medicines collected from compounding pharmacies<br/>in the center of Rio Grande do Sul, Brazil. Count of viable microorganisms and search and<br/>identification of pathogens were performed, both according to the Brazilian Pharmacopoeia. Results<br/>showed that there were microorganisms in the samples; however, in none of them, the value of<br/>CFU g-1 was above the limit established for herbal medicines by the British Pharmacopoeia, both<br/>for bacteria and fungi. The search and identification of pathogens indicated that there was no<br/>Pseudomonas aeruginosa, Salmonella sp, Staphylococcus aureus and Escherichia coli in the<br/>analyzed samples. The samples can be commercialized because all of them were within the<br/>allowed limits and were approved in the test for microbiological quality control.<br/><br/>Key words: microbiological quality control, compounding pharmacy, medicinal plants |
| 650 ## - ASSUNTO - THESAGRO | |
| Cabeçalho tópico ou nome geográfico | CONTROLE DE QUALIDADE |
| 650 ## - ASSUNTO - THESAGRO | |
| Cabeçalho tópico ou nome geográfico | ANÁLISE MICROBIOLÓGICA |
| 650 ## - ASSUNTO - THESAGRO | |
| Cabeçalho tópico ou nome geográfico | FARMÁCIA |
| 650 ## - ASSUNTO - THESAGRO | |
| Cabeçalho tópico ou nome geográfico | PLANTA MEDICINAL |
| 773 0# - ENTRADA ANALÍTICA | |
| Host Biblionumber | 3543 |
| Registro do item | 313916 |
| Imprenta | Botucatu-SP Instituto de Biociências - Departamento de Química e Bioquímica 1998 |
| Outro identificador | 2024-0186 |
| Título | Revista Brasileira de Plantas Medicinais (Brazil) |
| ISSN | 1516-0572 |
| Colação | v. 14(3) p. 563-570; (2012) |
| Número de controle de registro | BR2024000372 |
| 856 ## - ACESSO E ENDEREÇO ELETRÔNICO | |
| Identificador uniforme de recurso - URI | https://www.scielo.br/j/rbpm/a/DKBsP5fVjN65KZh9jy7X6SQ/?format=pdf&lang=pt |
Nenhum exemplar disponível.

BINAGRI